000 00751nam a2200265Ia 4500
003 OSt
005 20220918223913.0
006 a|||||r|||| 00| 0
007 ta
008 220917b |||||||| |||| 00| 0 eng d
024 _a225,570
037 _cTextual
040 _aARTS
_cARTS
_beng
041 _2eng
_aeng
082 _aXM2xM70, P3 (RD)
100 _aLuxemburg Rose
_9146842
245 0 _aAccumulation of capital
260 _aLondon
_bRoutledge Classics
_c2003
300 _axxxvii, 453p.
_ccm.
490 _aRoutledge classics
650 _aECONOMICS
700 _a Schwarzschild Agnes Tr.
_9146843
942 _hXM2xM70, P3 (RD)
_cTEXL
_2CC
999 _c279707
_d279707